000 00704nam a2200205Ia 4500
001 8730
003 GE_BSU
008 181216s||||||||xx |||||||||||||| ||und||
040 _cGE_BSU
080 _a821.353.1-32
100 _aკლდიაშვილი,დავით
245 _aსამი მოთხრობა
245 _cრედ. თ.კიკაჩეიშვილი. შეადგინა ბეჟან ბარდაველიძე
260 _aთბილისი
260 _bთბილისის უნ–ტის გამ–ბა
260 _c1991
300 _a304გვ.20სმ.
653 _aსამი მოთხრობა
942 _cBK
999 _c42040
_d42040